Tváří v tvář utrpení /
Jak se postavit utrpení, jak mu čelit ve světě, který je stále tvrdší, v němž je tolik lidí izolováno? Jak ho snášet v každodenním životě? Guy Gilbert se snaží doprovázet každého, kdo se s utrpením setkává. Rozvíjí reflexe nad různými druhy lidských životních bolestí – samotou, chudobou, nemocí, han...
Uloženo v:
| Hlavní autor: | |
|---|---|
| Další autoři: | |
| Médium: | Kniha |
| Jazyk: | Czech |
| Vydáno: |
Praha :
Portál,
2014
|
| Vydání: | Vyd. 1. |
| Témata: | |
| Celkem bylo vypůjčeno: | 7x |
| Tagy: |
Žádné tagy |
| LEADER | 02985nam a2200433 a 4500 | ||
|---|---|---|---|
| 001 | 79850 | ||
| 005 | 20240814135128.0 | ||
| 008 | 140513s2014----xr ---------u-------cze-d | ||
| 015 | |a cnb002572021 | ||
| 020 | |a 978-80-262-0606-4 : |c 149.00 Kč | ||
| 040 | |a UOG502 |e AACR2 |9 1 |b cze | ||
| 041 | 1 | |a cze |h fre | |
| 072 | 7 | |a 27-4 |x Praktická teologie. Morální teologie |2 Konspekt | |
| 080 | |a 2 | ||
| 080 | |a 616.1/.9 | ||
| 080 | |a 171 | ||
| 080 | |a 27 | ||
| 080 | |a 17.02 | ||
| 100 | 1 | |a Gilbert, Guy, |d 1935- |7 jn20000700613 |4 aut |9 14171 | |
| 245 | 1 | 0 | |a Tváří v tvář utrpení / |c Gilbert Guy ; [z francouzského originálu ... přeložila Kateřina Bodnárová] |
| 250 | |a Vyd. 1. | ||
| 260 | |a Praha : |b Portál, |c 2014 | ||
| 300 | |a 94 s. ; |c 16 cm | ||
| 520 | 2 | |a Jak se postavit utrpení, jak mu čelit ve světě, který je stále tvrdší, v němž je tolik lidí izolováno? Jak ho snášet v každodenním životě? Guy Gilbert se snaží doprovázet každého, kdo se s utrpením setkává. Rozvíjí reflexe nad různými druhy lidských životních bolestí – samotou, chudobou, nemocí, handicapem, ale i nad rodičovským trápením, zabývá se i útrapami v lásce, ztrátou drahé bytosti, stářím, odchodem ze života. Za svého více než padesátiletého kněžského i výchovného působení už viděl mnoho bolestí; říká, že jeho práce s mladými v nouzi přináší každodenní střety s utrpením. Nabízí proto své názory a rady, protkané krátkými příběhy ze života v typickém „gilbertovském“ živém podání, a poskytuje opěrné body v různých životních situacích. Jeho slova, vyjadřující pochopení pro lidské problémy, míří ke všem generacím – lidem středního věku, seniorům i mladým lidem. Guy Gilbert je známý francouzský vychovatel delikventní mládeže a katolický kněz. Do roku 1970 sloužil v Alžírsku, po návratu do Paříže se věnoval výchově mladých delikventů. Na jihu Francie vybudoval centrum pro výchovu a integraci problémové mládeže. Je mj. nositelem Řádu čestné legie. Pravidelně vystupuje v médiích. Jeho knihy plné moudrosti a pochopení pro problémy moderního člověka si získávají čtenáře po celém světě. | |
| 650 | 0 | 4 | |a utrpení |7 ph126962 |9 3184 |
| 650 | 0 | 4 | |a bolest |7 ph118958 |
| 650 | 0 | 4 | |a zlo |7 ph127644 |9 3185 |
| 650 | 0 | 4 | |a nemoci |7 ph117238 |
| 650 | 0 | 4 | |a životní problémy |7 ph128029 |
| 650 | 0 | 4 | |a křesťanské pojetí |7 ph137618 |9 2069 |
| 650 | 0 | 4 | |a smysl života |7 ph125718 |9 109048 |
| 650 | 0 | 4 | |a Bůh a člověk |7 ph116953 |
| 650 | 0 | 4 | |a úvahy |7 ph124923 |
| 650 | 0 | 4 | |a příběhy |7 |
| 700 | 1 | |a Bodnárová, Kateřina, |d 1975- |7 skuk0000135 |4 trl |9 8558 | |
| 910 | |a UOG502 | ||
| 999 | |c 79850 |d 79850 | ||
| 942 | 0 | 0 | |0 6 |
| 993 | |0 0 |1 421180080794 |4 0 |6 2_000000000000000 |7 0 |9 61848 |a 110.26 |b 0 |c 80794 |d 2014-05-13 |e 7 |f DOSP |g 2 |h 149.00 |i Pemic, knižní velkoobchod, Ostrava - Por |j 127 |l DOSP |m 3 |r 2024-02-14 |s 2023-10-12 |t 5 |w 2017-09-19 |y KN |z NAUCNA |v B | ||